000 00214nam a2200109Ia 4500
100 _a#N/A
942 _cBK
654 _afunctions of meeting
245 _aMaking Meetings Work
260 _b#N/A
546 _aENGLISH
999 _c20196
_d20196